Datum a čas kvízu
26
Celkem bodů
Celkový počet nahraných bodů na tomto kvízu bez doplňovacích otázek.
8.
Pořadí na kvízu
Konečné umístění týmu na tomto kvízu.
Zaznamenané odpovědi
| # | Otázka | Odpověď | Body | Výsledky |
|---|---|---|---|---|
| 1. | Katedrála svatého Víta se po č... | Petr Pavel | 1 | |
| 2. | Ve čtvrtek jsme se dozvěděli,... | Katy Perry | 1 | |
| 3. | V depozitáři muzea ve slovensk... | Donatello | 1 | |
| 4. | Jak se nazývá nová platforma,... | Oneplay | 0 | |
| 5. | Ve středu odstartoval v norské... | klasické (severské) lyžování | 0 | |
| 6. | Jak zní oficiální anglický náz... | Montenegro | 1 | |
| 7. | V jistém městě v Královéhradec... | Červený Kostelec | 0 | |
| 8. | Která známá historická osobnos... | Adolf Hitler | 1 | |
| 9. | Jak se jmenuje národní park, v... | Yellowstonský národní park | 1 | |
| 10. | Jak se nazývá německé pohoří,... | Černý les (Schwarzwald) | 1 |